000 00605nam a2200181Ia 4500
003 GCL
008 140319s9999 xx 000 0 ara d
040 _aGCL /
_cGCL
082 0 4 _a833.03
_bك ا
100 1 _aكافكا، فرانز
245 1 0 _aامريكا (رواية) (هدية من الاديب عبدالفتاح الجمل) /
_cكافكا، فرانز
700 1 _aالدسوقى فهمى
300 _a270 ص
490 _aروايات الهلال
_v0
650 0 4 _aالقصص الالمانية المترجمة
650 0 4 _aالادب الالمانى المترجم
942 _2ddc
_cBK
999 _c40120
_d40120